กฎหมายคุ้มครองข้อมูลในฐานข้อมูลอิเล็กทรอนิกส์ (ระเบียนเลขที่ 44353)
| 000 -LEADER | |
|---|---|
| fixed length control field | 01479nam a22002777a 4500 |
| 005 - DATE AND TIME OF LATEST TRANSACTION | |
| control field | 20210325194517.0 |
| 008 - FIXED-LENGTH DATA ELEMENTS--GENERAL INFORMATION | |
| fixed length control field | s2543 th thaeng |
| 020 ## - INTERNATIONAL STANDARD BOOK NUMBER | |
| International Standard Book Number | 9741311842 |
| 041 ## - LANGUAGE CODE | |
| Language code of text/sound track or separate title | thaeng |
| 090 ## - LOCALLY ASSIGNED LC-TYPE CALL NUMBER (OCLC); LOCAL CALL NUMBER (RLIN) | |
| Classification number (OCLC) (R) ; Classification number, CALL (RLIN) (NR) | ว KR104 |
| Local cutter number (OCLC) ; Book number/undivided call number, CALL (RLIN) | ป551ก 2543 |
| 100 0# - MAIN ENTRY--PERSONAL NAME | |
| Personal name | ปารเมศ บุญญานันต์ |
| 245 10 - TITLE STATEMENT | |
| Title | กฎหมายคุ้มครองข้อมูลในฐานข้อมูลอิเล็กทรอนิกส์ |
| 260 3# - PUBLICATION, DISTRIBUTION, ETC. | |
| Place of publication, distribution, etc. | กรุงเทพฯ : |
| Name of publisher, distributor, etc. | จุฬาลงกรณ์มหาวิทยาลัย, |
| Date of publication, distribution, etc. | 2543 |
| 300 ## - PHYSICAL DESCRIPTION | |
| Extent | 178 หน้า : |
| Other physical details | ตาราง ; |
| Dimensions | 30 ซม. |
| 650 04 - SUBJECT ADDED ENTRY--TOPICAL TERM | |
| Topical term or geographic name entry element | ร่างสนธิสัญญาฐานข้อมูล |
| 650 04 - SUBJECT ADDED ENTRY--TOPICAL TERM | |
| Topical term or geographic name entry element | สนธิสัญญาลิขสิทธิ์ |
| 650 04 - SUBJECT ADDED ENTRY--TOPICAL TERM | |
| Topical term or geographic name entry element | ข้อตกลงทริปส์ |
| 650 04 - SUBJECT ADDED ENTRY--TOPICAL TERM | |
| Topical term or geographic name entry element | อนุสัญญากรุงบอร์น |
| 650 04 - SUBJECT ADDED ENTRY--TOPICAL TERM | |
| Topical term or geographic name entry element | ข้อมูลอิเล็กทรอนิกส์ -- การคุ้มครอง |
| 650 04 - SUBJECT ADDED ENTRY--TOPICAL TERM | |
| Topical term or geographic name entry element | ฐานข้อมูลอิเล็กทรอนิกส์ |
| 650 04 - SUBJECT ADDED ENTRY--TOPICAL TERM | |
| Topical term or geographic name entry element | การคุ้มครองข้อมูล -- กฎหมายและระเบียบข้อบังคับ -- วิจัย |
| 650 04 - SUBJECT ADDED ENTRY--TOPICAL TERM | |
| Topical term or geographic name entry element | ลิขสิทธิ์ -- กฎหมายและระเบียบข้อบังคับ |
| 850 ## - HOLDING INSTITUTION | |
| Holding institution | NALT |
| 942 ## - ADDED ENTRY ELEMENTS (KOHA) | |
| Koha item type | Research/Thesis |
| Koha issues (borrowed), all copies | 3 |
| 997 ## - | |
| -- | 000000000044353 |
| -- | VC |
| Withdrawn status | Lost status | Damaged status | Not for loan | Collection code | Home library | Current library | Total Checkouts | Full call number | Barcode | Date last seen | Copy number | Price effective from | Koha item type | Total Renewals | Date last checked out |
|---|---|---|---|---|---|---|---|---|---|---|---|---|---|---|---|
| Research & Theses collection | National Assembly Library of Thailand | National Assembly Library of Thailand | ว KR104 ป551ก 2543 | 3961151851 | 09/06/2017 | c. 1 | 09/06/2017 | Research/Thesis | |||||||
| Research & Theses collection | National Assembly Library of Thailand | National Assembly Library of Thailand | 3 | ว KR104 ป551ก 2543 | 3961151852 | 24/07/2018 | c. 1 | 09/06/2017 | Research/Thesis | 2 | 09/07/2018 |
